| 000 | 00427nam a2200157Ia 4500 | ||
|---|---|---|---|
| 008 | 120927t1995 xxu||||| |||| 00| 0 sin d | ||
| 041 | _asin | ||
| 080 |
_a8 S [3-053.2] (Youth) _bKUL |
||
| 245 | _aකකුළුවාගේ උපාය | ||
| 246 | _aKakuluwage Upaya | ||
| 260 |
_aRuhunu Publishers _aColombo _c1995 |
||
| 300 | _b61p, ill, 18 cm | ||
| 942 | _cBK | ||
| 999 |
_c42967 _d42967 |
||
| 003 | LK-CoDNM | ||
| 040 |
_aLK-CoDNM _dLK-CoDNM _eLK-CoDNM |
||